1732 1096 1219 1787 1006 1818 1075 1229 1553 1408 1113 1249 1262 1056 1527 1246 1560 1338 1428 1407 1101 1385 1101 1919 1919 1623 1071 1923 1571 1273 1591 1356 1862 1930 1820 1723 1561 1097 1723 1316 1343 1673 1812 1749 1573 1481 1541 1315 1531 1692 1582 1270 1523 1806 1385 1886 1060 1143 1153 1255 1916 1891 1573 1859 1451 1454 1965 1176 1093 1732 1103 1207 1176 1037 1244 1057 1029 1615 1154 1706 1023 1639 1884 1474 1798 1455 1825 1066 1012 1331 1396 1415 1336 1027 1504 1096 1892 1515 1552 BCNSPRNW ULIB Ver.6.0+V

เปลี่ยนเป็นภาษาไทย

Change to English
 แสดงรายละเอียดบรรณานุกรม
  กลับหน้าหลัก

Brief Record : Get Marc (ISO 2709) : E-mail record : QR code < ปิดหน้าต่าง
LEADER : 00000nam 2200000uu 4500
001    13399113866
003     ULIB
008    120111s2553||||th 000 0 tha d
020    ^a9746117297(ล.1)
060  4 ^aWA308^bส747อ ล.1
110 1  ^aมหาวิทยาลัยสุโขทัยธรรมาธิราช^bสาขาวิชาคหกรรม
245 00 ^aเอกสารการสอนชุดวิชา อนามัยครอบครัว หน่วยที่1-7=^bFamily Health/^cเทวี โพธิผละและคณะ
246 0  ^aFamily Health
250    ^aพิมพ์ครั้งที่ 15
260    ^aนนทบุรี:^bศูนย์หนังสือมหาวิทยาลัยสุโขทัยธรรมาธิราช,^c2553
300    ^a493 หน้า
650  7 ^aFamily Health
650  7 ^aการวางแผนครอบครัว
650  7 ^aอนามัยครอบครัว
700 0  ^aเทวี โพธิผละ ,^eประธานกรรมการกลุ่มผลิตหนังสือชุดวิชาอนามัยครอบครัว
710 1  ^aมหาวิทยาลัยสุโขทัยธรรมาธิราช^bสาขาวิชาคหกรรมศาสตร์
945    ^p0^l0^i17892
945    ^p0^l0^i16883
995    ^aกัณชพร
999    ^aใช้งานได้ทุกระบบ
รายการนี้ยังไม่มีแท็ก
คุณยังไม่ได้ล็อกอิน คุณสามารถมีกิจกรรมร่วมกับเว็บไซต์ได้ แต่ต้องล็อกอินก่อน ::
  ล็อกอิน

รายการสื่อสารสนเทศ

ลำดับที่ ประเภท เลขเรียก/บาร์โค้ด สถานที่ สถานะ
- ไม่พบข้อมูล -

รายการใกล้เคียง
    หัวเรื่อง [Family Health]
    หัวเรื่อง [การวางแผนครอบครัว]
    หัวเรื่อง [อนามัยครอบครัว]

BibComment


ยังไม่เคยถูกคอมเมนท์

คอมเมนท์ทรัพยากรรายการนี้
  คอมเมนท์: เอกสารการสอนชุดว..


 Copyright 2026. Bcnsprnw @Library